000 00422nmm a2200145Ia 4500
008 251105s9999||||xx |||||||||||||||||und||
041 _aeng
100 _aGarcia Schaper, Anna
245 0 _aWishbone
264 _a[Washington, Estados Unidos] :
_bArte Público Press,
_c2020
300 _a320 páginas
650 _aTeen & Young Adult Fiction
856 _uhttps://public.digitaliapublishing.com/a/82671
942 _cCF
999 _c106819
_d106819